Statistics for Guess the Asian City by Picture

Click here to take the quiz!

General Stats

  • This quiz has been taken 35 times
  • The average score is 10 of 20

Answer Stats

Answer% Correct
Kuala Lumpur
100%
Hong Kong
82%
Mecca
82%
Jerusalem
79%
Singapore
79%
Shanghai
71%
Pyongyang
61%
Kyoto
57%
Malé
57%
Lhasa
54%
Thimphu
50%
Doha
46%
New Delhi
43%
Samarkand
39%
Manila
36%
Tehran
36%
Lahore
18%
Damascus
11%
Colombo
7%
Ulaanbaatar
7%

Score Distribution

Percentile by Number Answered

Percent of People with Each Score

Your Score History

You have not taken this quiz